Drobná šlechta v Čechách na přelomu pozdního středověku a raného novověku

Titel: Drobná šlechta v Čechách na přelomu pozdního středověku a raného novověku : Chrudimsko / David Richter
Verfasser:
Ausgabe: Vydání první
Veröffentlicht: Červený Kostelec : Pavel Mervart, 2023
Umfang: 328 Seiten : Illustrationen, Porträts, Faksimiles ; 25 cm
Format: Buch
Sprache: Tschechisch
Schlagworte:
ISBN: 9788074656125 ; 8074656128
Buchumschlag
X
alg: 51948522
001A    $03004:01-07-24 
001B    $01999:14-11-25 $t09:58:34.000 
001D    $03004:01-07-24 
001U    $0utf8 
001X    $00 
002@    $0Aau 
002C    $aText $btxt $2rdacontent 
002D    $aohne Hilfsmittel zu benutzen $bn $2rdamedia 
002E    $aBand $bnc $2rdacarrier 
003@    $051948522X 
004A    $A978-80-7465-612-5 
004A    $080-7465-612-8 
007A    $0BV049591055 $aBVB 
007G    $0DE020762F5758B0903C55C1258B5100406832 
009P    $qapplication/pdf $A2 $3Inhaltsverzeichnis $uhttp://scans.hebis.de/HEBCGI/show.pl?51948522_toc.pdf $mV:DE-603;B:DE-Mb50 
009P    $qapplication/pdf $A2 $3Buch Bibliographie $uhttp://scans.hebis.de/HEBCGI/show.pl?51948522_bib.pdf $mV:DE-603;B:DE-Mb50 
009P    $qapplication/pdf $A2 $3Cover $uhttp://scans.hebis.de/HEBCGI/show.pl?51948522_cov.pdf $mV:DE-603;B:DE-Mb50 
009P    $qapplication/pdf $A2 $3Register $uhttp://scans.hebis.de/HEBCGI/show.pl?51948522_idx.pdf $mV:DE-603;B:DE-Mb50 
009P    $qapplication/pdf $A2 $3Abstract $uhttp://scans.hebis.de/HEBCGI/show.pl?51948522_sum.pdf $mV:DE-603;B:DE-Mb50 
010@    $acze 
010E    $erda 
011@    $a2023 $n2023 
021A    $aDrobná šlechta v Čechách na přelomu pozdního středověku a raného novověku $dChrudimsko $hDavid Richter 
028A    $BVerfasser $4aut $7 $8Richter, David [Tnd] $9227671856 
032@    $aVydání první 
033A    $pČervený Kostelec $nPavel Mervart 
034D    $a328 Seiten 
034I    $a25 cm 
034M    $aIllustrationen, Porträts, Faksimiles 
037A    $aLiteraturverzeichnis: Seite 289-308 
044A    $aNobility $S#0 $N653 
044A    $aSocial status $S#0 $N653 
044A    $aGentry $S#0 $N653 
044A    $aCzech Republic / Chrudim $S#2 $N653 
044A    $a1500-1700 $S#4 $N653 
044A    $aHistory $S#6 $N653 
044K    $74404443-4 $8Chrudim$zRegion [Tg1] $9088553787 
044K    $ROberschicht $RWeiblicher Adel $RAristokratie $#Nobility $#Noblesse $#Nobiltà $#Nobleza $#Adel $#Adel $#Junker $#Junkertum $#Adliger $#Adeliger $#Adlige $#Uradel $74000464-8 $8Adel [Ts1] $9084991682 
045F    $a306.09437109024 $eDDC23BSB 
045F/01 $a306.09 
045F/03 $f09024 
045F/03 $f09031 
045F/03 $f09032 
045F/03 $g4371 
045R    $aGeschichte 1500-1700 
046L    $aZusammenfassung in englischer Sprache 

lok: 51948522 24

exp: 51948522 24 1 #EPN
201B/01 $001-07-24 $t14:24:31.000 
201C/01 $019-01-24 
201U/01 $0utf8 
203@/01 $01254787437 
208@/01 $a01-07-24 $bz 
209A/01 $a24.00200 $du $f050 $h24 00200 $x00 
209C/01 $a24.00200 K $h24 00200 K 
209G/01 $a74787258 $x00 
220C/01 $akon 
247C/01 $8358050-7 Marburg, Bibliothek des Herder-Instituts Marburg $9102600961
LEADER 00000cam a2200000 c 4500
001 51948522X
003 DE-603
005 20251114095834.0
007 tu
008 240701s2023 xx |||| | u00||u|cze c
020 |a 9788074656125 
020 |a 8074656128 
035 |a (DE-599)BVBBV049591055 
040 |a DE-603  |b ger  |c DE-603  |d DE-603  |e rda 
041 |a cze 
082 0 4 |8 1\u  |a 306.09437109024  |q DE-101  |2 23/BSB 
085 |8 1\u  |b 306.09 
085 |8 1\u  |z 1  |s 09024 
085 |8 1\u  |z 1  |s 09031 
085 |8 1\u  |z 1  |s 09032 
085 |8 1\u  |z 2  |s 4371 
100 1 |a Richter, David  |e Verfasser  |4 aut  |0 (DE-603)227671856 
245 0 0 |a Drobná šlechta v Čechách na přelomu pozdního středověku a raného novověku  |b Chrudimsko  |c David Richter 
250 |a Vydání první 
264 1 |a Červený Kostelec  |b Pavel Mervart  |c 2023 
300 |a 328 Seiten  |b Illustrationen, Porträts, Faksimiles  |c 25 cm 
336 |a Text  |b txt  |2 rdacontent 
337 |a ohne Hilfsmittel zu benutzen  |b n  |2 rdamedia 
338 |a Band  |b nc  |2 rdacarrier 
500 |a Literaturverzeichnis: Seite 289-308 
546 |a Zusammenfassung in englischer Sprache 
648 7 |a Geschichte 1500-1700  |2 gnd 
650 7 |a Adel  |0 (DE-588)4000464-8  |0 (DE-603)084991682  |2 gnd 
651 7 |a Chrudim  |0 (DE-588)4404443-4  |0 (DE-603)088553787  |2 gnd 
856 4 2 |m V:DE-603;B:DE-Mb50  |q application/pdf  |u http://scans.hebis.de/HEBCGI/show.pl?51948522_toc.pdf  |3 Inhaltsverzeichnis 
856 4 2 |m V:DE-603;B:DE-Mb50  |q application/pdf  |u http://scans.hebis.de/HEBCGI/show.pl?51948522_bib.pdf  |3 Buch Bibliographie 
856 4 2 |m V:DE-603;B:DE-Mb50  |q application/pdf  |u http://scans.hebis.de/HEBCGI/show.pl?51948522_cov.pdf  |3 Cover 
856 4 2 |m V:DE-603;B:DE-Mb50  |q application/pdf  |u http://scans.hebis.de/HEBCGI/show.pl?51948522_idx.pdf  |3 Register 
856 4 2 |m V:DE-603;B:DE-Mb50  |q application/pdf  |u http://scans.hebis.de/HEBCGI/show.pl?51948522_sum.pdf  |3 Abstract 
924 0 |9 Mb 50  |a (DE-603)1254787437  |b DE-Mb50  |c HES  |d c  |g 24.00200